| 000 | 00403cam a2200157ua 4500 | ||
|---|---|---|---|
| 003 | OSt | ||
| 008 | 241223b |||||||| |||| 00| 0 eng d | ||
| 041 | _aeng | ||
| 082 |
_a621.3133 _bDOV/TH |
||
| 100 |
_aDover, A.T . _96531 |
||
| 245 | _aTheory and practice of alternating currents / | ||
| 250 | _a3 / | ||
| 260 |
_aLondon : _bSir Isaac Pitman & Sons Ltd , _c1961. |
||
| 300 | _a591 ; . | ||
| 942 | _cBK | ||
| 999 |
_c2183 _d2183 |
||